| 000 | 01025nam a2200217Ia 4500 | ||
|---|---|---|---|
| 003 | GCL | ||
| 008 | 140319s9999 xx 000 0 ara d | ||
| 020 | _a8785701977 | ||
| 040 |
_aGCL / _cGCL |
||
| 082 | 0 | 4 |
_aق _b962.042 _bس ع |
| 100 | 1 | _aسيد عشماوى | |
| 245 | 1 | 0 |
_aالعيب فى الذات الملكية : _bانهيار هيبة حكم الفرد المطلق - الخديو - السلطان - الملك ( 1882 - 1952 ) / _cسيد عشماوى |
| 260 |
_aالقاهرة : _bالهيئة المصرية العامة للكتاب ، _c2002 |
||
| 300 |
_a427 ص ؛ _c22 سم |
||
| 490 |
_aتاريخ المصريين _v217 |
||
| 650 | 0 | 4 | _aمصر - تاريخ - العصر الحديث - الاحتلال البريطانى |
| 650 | 0 | 4 | _aمصر - تاريخ - العصر الحديث - الملك فاروق ( 1936-1952 م ) |
| 650 | 0 | 4 | _aالصفات والذات - تاريخ |
| 650 | 0 | 4 | _aمصر - تاريخ - العصر الحديث - الاستقلال - الحكم الملكى |
| 942 |
_2ddc _cBK |
||
| 999 |
_c50823 _d50823 |
||